El Modernismo Arruinado: Ensayos sobre literatura hispanoamericana en el (bi)centenario de la modernidad.
Αποθηκεύτηκε σε:
| Κύριος συγγραφέας: | |
|---|---|
| Μορφή: | Άγνωστο |
| Γλώσσα: | Αγγλικά |
| Έκδοση: |
Santiago, Chile:
Universitaria,
2010
|
| Έκδοση: | 1a.ed. |
| Θέματα: | |
| Ετικέτες: |
Προσθήκη ετικέτας
Δεν υπάρχουν, Καταχωρήστε ετικέτα πρώτοι!
|
MARC
| LEADER | 00000 a2200000 4500 | ||
|---|---|---|---|
| 003 | CL-VaPUC | ||
| 005 | 20220316090058.0 | ||
| 008 | 220114b2010 ||||| |||| 00| 0 eng d | ||
| 999 | |c 433943 |d 433941 | ||
| 020 | |a 978-9561122536 | ||
| 040 | |c Pontificia Universidad Católica de Valparaíso | ||
| 082 | 7 | |a 809.9112 WAL 2010 |2 22 | |
| 100 | |a Wallace C., David |9 568650 |e autor | ||
| 245 | |a El Modernismo Arruinado: |b Ensayos sobre literatura hispanoamericana en el (bi)centenario de la modernidad. | ||
| 250 | |a 1a.ed. | ||
| 260 | |a Santiago, Chile: |b Universitaria, |c 2010 | ||
| 300 | |a 393 páginas | ||
| 583 | |k Cristina María Rojas Aguilar |c 20220114 | ||
| 650 | 0 | |a Modernismo (Literatura) |9 267614 |x Historia y crítica | |
| 650 | 0 | |a Modernismo (Literatura) |9 267614 |z América latina | |
| 942 | |2 ddc |c BK | ||
| 952 | |0 0 |1 0 |2 ddc |4 0 |6 809_911200000000000_WAL_2010 |7 0 |8 A |9 580398 |a BIBEDU |b BIBEDU |c GEN |d 2022-01-11 |e 3 |g 4235.00 |i 5637155 |o 809.9112 WAL 2010 |p 5637155 |r 2022-01-11 |t 1 |v 4235.00 |w 2022-01-11 |y BK |k LIT | ||